[Event "Ruhrgebiet Verbandsklasse Gruppe 3 1415"]
[Site "Germany"]
[Date "2015.01.18"]
[Round "5.3"]
[White "Hillebrand, Carsten"]
[Black "Kuhn, Manfred"]
[Result "1/2-1/2"]
[WhiteElo "1853"]
[BlackElo "2011"]
[PlyCount "80"]
[EventDate "2014.09.21"]
[EventType "team-tourn"]
[EventRounds "9"]
[EventCountry "GER"]
[SourceTitle "EXT 2022"]
[Source "ChessBase"]
[SourceDate "2021.10.06"]
[SourceVersion "1"]
[SourceVersionDate "2021.10.06"]
[SourceQuality "1"]
[WhiteTeam "Dortmund FS"]
[BlackTeam "Osterfeld Schwarze Dame"]
[WhiteTeamCountry "GER"]
[BlackTeamCountry "GER"]

1. c4 f5 2. g3 Nf6 3. Nc3 e6 4. Bg2 Be7 5. d3 0-0 6. e4 fxe4 7. dxe4 d6 8. Nge2 c6 9. 0-0 e5 10. h3 Be6 11. b3 Qe8 12. f4 Qh5 13. f5 Bc8 14. Be3 Ne8 15. g4 Qh4 16. Qe1 Qxe1 17. Rfxe1 Nd7 18. Rad1 Bd8 19. Kh2 Bb6 20. Bc1 a5 21. Na4 Bc7 22. Nec3 Rb8 23. Bf1 Kh8 24. Be2 Nc5 25. Nxc5 dxc5 26. Be3 b6 27. Rd2 Nd6 28. Red1 Nf7 29. Bf2 Rd8 30. Bh4 Rxd2 31. Rxd2 Bd6 32. g5 g6 33. fxg6 hxg6 34. Bg3 Kg8 35. h4 Bc7 36. Kg2 Be6 37. a4 Rd8 38. Rxd8+ Bxd8 39. Nd1 Bc7 40. Ne3 b5 1/2-1/2

[Event "NRW Verbandsliga Group2 1314"]
[Site "Nordrheinwestfalen"]
[Date "2013.12.15"]
[Round "5"]
[White "Kuhn, Manfred"]
[Black "Henrichs, Wenke"]
[Result "0-1"]
[WhiteElo "2013"]
[BlackElo "2037"]
[PlyCount "61"]
[EventDate "2013.09.08"]
[EventType "team-tourn"]
[EventRounds "9"]
[EventCountry "GER"]
[SourceTitle "EXT 2020"]
[Source "ChessBase"]
[SourceDate "2019.10.17"]
[SourceVersion "1"]
[SourceVersionDate "2019.10.17"]
[SourceQuality "1"]
[WhiteTeam "Osterfeld Schwarze Dame"]
[BlackTeam "Wattenscheid SV IV"]
[WhiteTeamCountry "GER"]
[BlackTeamCountry "GER"]

1. c4 e6 2. Nc3 f5 3. g3 Nf6 4. Bg2 Be7 5. d3 0-0 6. e4 fxe4 7. dxe4 d6 8. Nge2 Nc6 9. 0-0 e5 10. Nd5 Bg4 11. f3 Bh5 12. Be3 a5 13. Qd2 a4 14. Rac1 Nxd5 15. cxd5 Na5 16. Qc2 c6 17. dxc6 bxc6 18. Qxa4 Bf7 19. Bf2 Nb3 20. Qxc6 Nxc1 21. Nxc1 Qb8 22. b3 Rc8 23. Qb6 Bg5 24. Qxb8 Raxb8 25. Nd3 Rc2 26. f4 Bf6 27. fxe5 dxe5 28. Ra1 Ra8 29. Nb4 Rb2 30. Be1 Rxb3 31. a3 0-1

[Event "NRW Verbandsliga Group2 1314"]
[Site "Nordrheinwestfalen"]
[Date "2013.09.08"]
[Round "1"]
[White "Kuhn, Manfred"]
[Black "Schuetze, Andre"]
[Result "1/2-1/2"]
[WhiteElo "2013"]
[BlackElo "2136"]
[PlyCount "25"]
[EventDate "2013.09.08"]
[EventType "team-tourn"]
[EventRounds "9"]
[EventCountry "GER"]
[SourceTitle "EXT 2020"]
[Source "ChessBase"]
[SourceDate "2019.10.17"]
[SourceVersion "1"]
[SourceVersionDate "2019.10.17"]
[SourceQuality "1"]
[WhiteTeam "Osterfeld Schwarze Dame"]
[BlackTeam "Horst Emscher"]
[WhiteTeamCountry "GER"]
[BlackTeamCountry "GER"]

1. c4 b6 2. Nc3 Bb7 3. e4 c5 4. g3 Nc6 5. Bg2 g6 6. Nge2 Bg7 7. d3 e6 8. 0-0 Nge7 9. Rb1 0-0 10. a3 d6 11. Be3 Nd4 12. b4 Nec6 13. b5 1/2-1/2

[Event "Ruhrgebiet VK3 1213"]
[Site "Nordrheinwestfalen"]
[Date "2013.04.07"]
[Round "8"]
[White "Bender, Markus"]
[Black "Kuhn, Manfred"]
[Result "0-1"]
[WhiteElo "1750"]
[BlackElo "2020"]
[PlyCount "70"]
[EventDate "2012.09.02"]
[EventType "team-tourn"]
[EventRounds "9"]
[EventCountry "GER"]
[SourceTitle "EXT 2020"]
[Source "ChessBase"]
[SourceDate "2019.10.17"]
[SourceVersion "1"]
[SourceVersionDate "2019.10.17"]
[SourceQuality "1"]
[WhiteTeam "Guennigfeld SV"]
[BlackTeam "Osterfeld Schwarze Dame"]
[WhiteTeamCountry "GER"]
[BlackTeamCountry "GER"]

1. e4 c5 2. Nf3 d6 3. Bb5+ Bd7 4. Bxd7+ Qxd7 5. d4 cxd4 6. Qxd4 Nc6 7. Qd3 Rc8 8. c4 g6 9. Nc3 Bg7 10. a3 Na5 11. Nd2 Qc6 12. b3 b5 13. Nxb5 Bxa1 14. Nxa7 Qb7 15. Nxc8 Qxc8 16. b4 Nc6 17. 0-0 Bg7 18. Kh1 Nf6 19. Bb2 0-0 20. Bc3 Qa8 21. Nb1 Rc8 22. f4 Nd8 23. e5 Ne4 24. Bb2 Qc6 25. Nd2 Nxd2 26. Qxd2 dxe5 27. fxe5 Qxc4 28. Rc1 Qe6 29. Rxc8 Qxc8 30. a4 Nc6 31. Qc2 Qd7 32. b5 Nxe5 33. h3 h5 34. Qb3 Qf5 35. Qd1 Nd3 0-1

[Event "OP-2013-0-02632"]
[Site "LSS email"]
[Date "2013.02.09"]
[Round "?"]
[White "Hatsek, Werner"]
[Black "Kuhn, Manfred"]
[Result "1-0"]
[WhiteElo "1962"]
[BlackElo "2174"]
[PlyCount "31"]
[EventDate "2013.02.06"]
[EventType "tourn (corr)"]
[EventRounds "4"]
[EventCountry "GER"]
[SourceTitle "Corr 2015"]
[Source "ChessBase"]
[SourceDate "2015.07.17"]
[SourceVersion "1"]
[SourceVersionDate "2015.07.17"]
[SourceQuality "1"]

1. e4 c5 2. Nf3 d6 3. Bb5+ Bd7 4. Bxd7+ Qxd7 5. d4 cxd4 6. Qxd4 Nc6 7. Qd3 g6 8. 0-0 Bg7 9. Nc3 Rc8 10. Nd5 Nf6 11. Bg5 Nxd5 12. exd5 Nb4 13. Qe4 a5 14. Rae1 f6 15. c3 fxg5 16. cxb4 1-0

[Event "Ruhrgebiet VK2 0910"]
[Site "Ruhrgebiet"]
[Date "2010.04.18"]
[Round "9.4"]
[White "Kuhn, Manfred"]
[Black "Renk, Christoph"]
[Result "1-0"]
[WhiteElo "2211"]
[BlackElo "1827"]
[PlyCount "119"]
[EventDate "2009.09.06"]
[EventType "team"]
[EventRounds "9"]
[EventCountry "GER"]
[SourceTitle "EXT 2011"]
[Source "ChessBase"]
[SourceDate "2010.11.26"]
[SourceVersion "1"]
[SourceVersionDate "2010.11.26"]
[SourceQuality "1"]
[WhiteTeam "Altenessen"]
[BlackTeam "Buer"]
[WhiteTeamCountry "GER"]
[BlackTeamCountry "GER"]

1. Nf3 c5 2. e4 d6 3. c3 Nf6 4. h3 g6 5. Bd3 Bg7 6. 0-0 0-0 7. Bc2 Nc6 8. Re1 Nd7 9. d3 b5 10. Be3 b4 11. Qc1 bxc3 12. bxc3 Ba6 13. Bh6 Rb8 14. Bxg7 Kxg7 15. Qa3 Rb6 16. Nbd2 Qc7 17. Rab1 Rfb8 18. Rxb6 Rxb6 19. Re3 e5 20. Bb3 Nf6 21. Ng5 Nd8 22. Qc1 Bc8 23. Nc4 Ra6 24. Re2 h6 25. Nf3 Nh5 26. Rb2 Nf4 27. Qe3 Be6 28. Rc2 f6 29. Qd2 Nf7 30. Rb2 Qd7 31. Ne3 Rb6 32. Bxe6 Qxe6 33. Rxb6 axb6 34. Kh2 Ng5 35. Nxg5 hxg5 36. Ng4 d5 37. exd5 Qxd5 38. Ne3 Qxd3 39. Qb2 b5 40. Qa3 b4 41. Qa7+ Kf8 42. Qb8+ Ke7 43. Qc7+ Ke6 44. Qc8+ Kf7 45. Qb7+ Kg8 46. Ng4 Qc4 47. Nxf6+ Kf8 48. Nd7+ Ke8 49. Nxe5 Qd5 50. Qxd5 Nxd5 51. cxb4 cxb4 52. Nd3 Kd7 53. Kg3 Kc6 54. Kg4 Kb5 55. Kxg5 Kc4 56. Nxb4 Kxb4 57. g3 Nc3 58. Kxg6 Nxa2 59. h4 Nc3 60. h5 1-0

[Event "Ruhrgebiet VK2 0910"]
[Site "Ruhrgebiet"]
[Date "2009.12.06"]
[Round "4.4"]
[White "Bautz, Volker"]
[Black "Kuhn, Manfred"]
[Result "0-1"]
[WhiteElo "1811"]
[BlackElo "2211"]
[PlyCount "92"]
[EventDate "2009.09.06"]
[EventType "team"]
[EventRounds "9"]
[EventCountry "GER"]
[SourceTitle "EXT 2011"]
[Source "ChessBase"]
[SourceDate "2010.11.26"]
[SourceVersion "1"]
[SourceVersionDate "2010.11.26"]
[SourceQuality "1"]
[WhiteTeam "Bochum SV II"]
[BlackTeam "Altenessen"]
[WhiteTeamCountry "GER"]
[BlackTeamCountry "GER"]

1. d4 c5 2. c3 cxd4 3. cxd4 d5 4. Nf3 Nc6 5. Bf4 Nf6 6. e3 Ne4 7. Bd3 Qa5+ 8. Nbd2 Bf5 9. Qe2 Nb4 10. Bb5+ Kd8 11. 0-0 Nxd2 12. Nxd2 a6 13. e4 Qxb5 14. Qxb5 axb5 15. exf5 Nc2 16. Rac1 Nxd4 17. Rfe1 Rc8 18. Rxc8+ Kxc8 19. g4 h5 20. Be3 Nc6 21. g5 e5 22. fxe6 fxe6 23. Bb6 Kd7 24. Nf3 Be7 25. Kg2 Rf8 26. a3 Rf4 27. h3 Bd6 28. Re3 e5 29. Rb3 b4 30. Be3 Rc4 31. Rd3 e4 32. Rxd5 exf3+ 33. Kxf3 Ne5+ 34. Kg3 Kc6 35. Ra5 bxa3 36. bxa3 Rc3 37. Ra8 Rxa3 38. Rg8 Nc4+ 39. Kh4 Nxe3 40. fxe3 Be5 41. Kxh5 Rxe3 42. Kg4 b5 43. Kf5 b4 44. Rc8+ Kd5 45. Rd8+ Bd6 46. Rd7 Re7 0-1

[Event "Ruhrgebiet VL1 0405"]
[Site "Ruhrgebiet"]
[Date "2005.03.13"]
[Round "8.2"]
[White "Pruess, Wilfried"]
[Black "Kuhn, Manfred"]
[Result "1/2-1/2"]
[WhiteElo "2164"]
[BlackElo "2114"]
[PlyCount "125"]
[EventDate "2004.09.12"]
[EventType "team"]
[EventRounds "9"]
[EventCountry "GER"]
[SourceTitle "EXT 2006"]
[Source "ChessBase"]
[SourceDate "2005.11.24"]
[SourceVersion "1"]
[SourceVersionDate "2005.11.24"]
[SourceQuality "1"]
[WhiteTeam "Hamm 45/58"]
[BlackTeam "Altenessen"]
[WhiteTeamCountry "GER"]
[BlackTeamCountry "GER"]

1. e4 c5 2. Nf3 d6 3. Bb5+ Nd7 4. 0-0 Ngf6 5. Re1 a6 6. Bf1 Ne5 7. h3 g6 8. c3 Nxf3+ 9. Qxf3 Nd7 10. d3 Qb6 11. Nd2 Ne5 12. Qg3 Bg7 13. Kh1 Nc6 14. Nc4 Qd8 15. Ne3 b5 16. f4 0-0 17. f5 Kh8 18. Be2 gxf5 19. Nxf5 Bxf5 20. exf5 Be5 21. Bf4 Rg8 22. Bxe5+ Nxe5 23. Qe3 Qf8 24. d4 cxd4 25. cxd4 Qg7 26. Qf2 Nc6 27. Bf3 Rac8 28. Bxc6 Rxc6 29. Rxe7 Rc4 30. Re4 Qf6 31. Rae1 h6 32. b3 Rc3 33. R1e3 Rc1+ 34. Kh2 Rgc8 35. Re8+ Kh7 36. Qg3 Qg5 37. Qxg5 hxg5 38. Rxc8 Rxc8 39. Re7 Kg7 40. Rd7 Rc6 41. d5 Rc2 42. a4 bxa4 43. bxa4 Ra2 44. Rxd6 Rxa4 45. g4 a5 46. Ra6 Ra3 47. Ra7 a4 48. d6 Rd3 49. Rxa4 Rxd6 50. Ra3 Rd1 51. Kg2 Rc1 52. Kg3 Kf6 53. Kf3 Rc4 54. Re3 Ra4 55. Kg3 Ra1 56. Rb3 Rc1 57. Rb6+ Kg7 58. Rb3 Kf6 59. Rf3 Ra1 60. Rf2 Ra3+ 61. Kg2 Ra1 62. Kg3 Ra3+ 63. Rf3 1/2-1/2

[Event "Ruhrgebiet VL1 0405"]
[Site "Ruhrgebiet"]
[Date "2005.01.30"]
[Round "6.2"]
[White "Kraemer, Matthias"]
[Black "Kuhn, Manfred"]
[Result "0-1"]
[WhiteElo "2208"]
[BlackElo "2114"]
[PlyCount "100"]
[EventDate "2004.09.12"]
[EventType "team"]
[EventRounds "9"]
[EventCountry "GER"]
[SourceTitle "EXT 2006"]
[Source "ChessBase"]
[SourceDate "2005.11.24"]
[SourceVersion "1"]
[SourceVersionDate "2005.11.24"]
[SourceQuality "1"]
[WhiteTeam "Bochum SV 02"]
[BlackTeam "Altenessen"]
[WhiteTeamCountry "GER"]
[BlackTeamCountry "GER"]

1. e4 c5 2. Ne2 d6 3. Nbc3 g6 4. d4 cxd4 5. Nxd4 Nf6 6. Be3 Bg7 7. f3 Nc6 8. Qd2 0-0 9. 0-0-0 Bd7 10. g4 Rc8 11. Kb1 Ne5 12. h4 b5 13. Ncxb5 Rb8 14. Qe2 Nxf3 15. Qxf3 Bxg4 16. Qg2 Bxd1 17. Nc6 Qd7 18. Nxb8 Rxb8 19. Bxa7 Rc8 20. Bd3 Bxc2+ 21. Bxc2 Qxb5 22. Bd4 h5 23. Rh3 Ng4 24. Bxg7 Kxg7 25. Rb3 Qa5 26. Qe2 Qa7 27. a3 Qg1+ 28. Ka2 Qh1 29. a4 Qc1 30. Rc3 Rxc3 31. bxc3 Qg1 32. Bb3 Ne5 33. Qd2 Qf1 34. Qd5 Qa6 35. Ka3 e6 36. Qd4 Kf8 37. Qb4 Ke7 38. Qb8 Nd7 39. Qc7 Qb6 40. Qxb6 Nxb6 41. a5 Nc8 42. Kb4 Na7 43. a6 Kd7 44. Ba4+ Kc7 45. Be8 Nc6+ 46. Kc4 Kb6 47. Kd3 Ne5+ 48. Ke3 Kxa6 49. Kf4 f6 50. Ba4 Kb6 0-1

[Event "Ruhrgebiet VL1 0405"]
[Site "Ruhrgebiet"]
[Date "2004.11.07"]
[Round "3.2"]
[White "Kuhn, Manfred"]
[Black "Zimmermann, Dirk"]
[Result "1-0"]
[WhiteElo "2114"]
[BlackElo "2018"]
[PlyCount "57"]
[EventDate "2004.09.12"]
[EventType "team"]
[EventRounds "9"]
[EventCountry "GER"]
[SourceTitle "EXT 2006"]
[Source "ChessBase"]
[SourceDate "2005.11.24"]
[SourceVersion "1"]
[SourceVersionDate "2005.11.24"]
[SourceQuality "1"]
[WhiteTeam "Altenessen"]
[BlackTeam "Brambauer"]
[WhiteTeamCountry "GER"]
[BlackTeamCountry "GER"]

1. c4 e5 2. g3 Nc6 3. Bg2 f5 4. d3 Nf6 5. Nc3 Bc5 6. Nf3 h6 7. e3 Bb4 8. Bd2 Bxc3 9. Bxc3 d6 10. Nd2 0-0 11. b4 f4 12. exf4 exf4 13. 0-0 Bf5 14. Nf3 Qd7 15. b5 Nd8 16. Qd2 a6 17. a4 Nh5 18. Nh4 c6 19. bxa6 Rxa6 20. Rfc1 Nf7 21. Bf3 Bg4 22. Qe2 Bxf3 23. Qxf3 Nf6 24. Bxf6 gxf6 25. gxf4 Nh8 26. Qh5 Qf7 27. Qxh6 Qg7+ 28. Qxg7+ Kxg7 29. Nf5+ 1-0

[Event "Ruhrgebiet VK1 0304"]
[Site "Ruhrgebiet"]
[Date "2003.12.07"]
[Round "4.3"]
[White "Schuetz, Ralf"]
[Black "Kuhn, Manfred"]
[Result "0-1"]
[WhiteElo "1769"]
[BlackElo "2084"]
[PlyCount "116"]
[EventDate "2003.09.28"]
[EventType "team"]
[EventRounds "9"]
[EventCountry "GER"]
[SourceTitle "EXT 2007"]
[Source "ChessBase"]
[SourceDate "2006.11.23"]
[SourceVersion "1"]
[SourceVersionDate "2006.11.23"]
[SourceQuality "1"]
[WhiteTeam "Boenen SV"]
[BlackTeam "Altenessen"]
[WhiteTeamCountry "GER"]
[BlackTeamCountry "GER"]

1. d4 d6 2. Nf3 Bg4 3. c4 Nd7 4. Qb3 Rb8 5. h3 Bxf3 6. Qxf3 c5 7. dxc5 Nxc5 8. b4 Nd7 9. Qa3 a6 10. Nd2 Ngf6 11. Bb2 e6 12. e3 Ra8 13. Bc3 Be7 14. Be2 0-0 15. Qb2 Nb6 16. Qb3 d5 17. c5 Nbd7 18. Rc1 Qc7 19. 0-0 Rfc8 20. Qb2 Qd8 21. Bd4 Ne8 22. a4 a5 23. Bb5 axb4 24. Qxb4 b6 25. Bxd7 Qxd7 26. c6 Rxc6 27. Qb5 Rd6 28. Qxd7 Rxd7 29. Bxb6 Rxa4 30. Rc8 Kf8 31. Rfc1 Bd6 32. Nf3 Ke7 33. Nd4 f6 34. Nc6+ Kf8 35. Bc5 Rc4 36. Rxc4 dxc4 37. Nb8 Ke7 38. Nxd7 Kxd7 39. Bxd6 Nxd6 40. Ra8 Kc6 41. Kf1 Kc5 42. Ke2 Kb4 43. Kd1 Kb3 44. Kc1 Ne4 45. Ra3+ Kb4 46. Ra6 Kc3 47. Ra3+ Kb4 48. Ra7 Kc3 49. Rxg7 Nxf2 50. Rxh7 Nd3+ 51. Kd1 Nb2+ 52. Ke2 Kc2 53. Ra7 c3 54. Ra1 Nd3 55. Ra6 Nc1+ 56. Kf3 Kd2 57. Rxe6 c2 58. Rxf6 Nd3 0-1

[Event "Ruhrgebiet VK1 0304"]
[Site "Ruhrgebiet"]
[Date "2003.10.19"]
[Round "2.3"]
[White "Wojdyla, Martin"]
[Black "Kuhn, Manfred"]
[Result "0-1"]
[WhiteElo "1903"]
[BlackElo "2084"]
[PlyCount "122"]
[EventDate "2003.09.28"]
[EventType "team"]
[EventRounds "9"]
[EventCountry "GER"]
[SourceTitle "EXT 2007"]
[Source "ChessBase"]
[SourceDate "2006.11.23"]
[SourceVersion "1"]
[SourceVersionDate "2006.11.23"]
[SourceQuality "1"]
[WhiteTeam "Brackel III"]
[BlackTeam "Altenessen"]
[WhiteTeamCountry "GER"]
[BlackTeamCountry "GER"]

1. e4 e6 2. d4 d5 3. exd5 exd5 4. Bd3 c5 5. c3 Nc6 6. Nf3 Nf6 7. Bg5 cxd4 8. cxd4 Bb4+ 9. Nc3 Qe7+ 10. Be2 h6 11. Bh4 0-0 12. 0-0 Bxc3 13. Bxf6 Qxf6 14. bxc3 b6 15. Re1 Be6 16. Qd2 Rac8 17. Ne5 Nxe5 18. dxe5 Qxe5 19. Rac1 Qf6 20. Bd3 Rc5 21. Re3 Rfc8 22. Rc2 Qf4 23. Ba6 Rd8 24. h3 Ra5 25. Bd3 Rc8 26. Rb2 Ra3 27. c4 Ra5 28. cxd5 Rxd5 29. Rc2 Rcd8 30. Qc3 Qd4 31. Qc7 R5d7 32. Qc6 Rd6 33. Qc7 R6d7 34. Qc6 Qd5 35. Qc3 Qd6 36. Rg3 Qd4 37. Bb5 Qxc3 38. Rgxc3 Re7 39. Rc7 Rxc7 40. Rxc7 a5 41. Rc6 Rb8 42. a4 Bd7 43. Rc7 Bxb5 44. axb5 Ra8 45. Rc3 a4 46. Ra3 Kf8 47. Kf1 Ke7 48. Ke2 Kd6 49. Kd3 Kc5 50. Kc2 Kxb5 51. Rf3 a3 52. Kb1 a2+ 53. Ka1 Ra7 54. Rf5+ Kc6 55. g4 b5 56. h4 b4 57. Rf3 Kd5 58. Rd3+ Kc4 59. Rd8 Kb3 60. Re8 Rc7 61. Re1 Ka3 0-1

[Event "Ruhrgebiet VK1 0304"]
[Site "Ruhrgebiet"]
[Date "2003.09.28"]
[Round "1.3"]
[White "Kuhn, Manfred"]
[Black "Mittmann, Volker"]
[Result "1-0"]
[WhiteElo "2084"]
[BlackElo "1835"]
[PlyCount "83"]
[EventDate "2003.09.28"]
[EventType "team"]
[EventRounds "9"]
[EventCountry "GER"]
[SourceTitle "EXT 2007"]
[Source "ChessBase"]
[SourceDate "2006.11.23"]
[SourceVersion "1"]
[SourceVersionDate "2006.11.23"]
[SourceQuality "1"]
[WhiteTeam "Altenessen"]
[BlackTeam "Drewer SG"]
[WhiteTeamCountry "GER"]
[BlackTeamCountry "GER"]

1. c4 c6 2. Nf3 d5 3. b3 e6 4. Bb2 f5 5. g3 Nf6 6. Bg2 Bd6 7. 0-0 0-0 8. Qc2 Qe7 9. Ne5 Nbd7 10. Nxd7 Bxd7 11. d3 e5 12. Nd2 e4 13. e3 Rae8 14. Rad1 Ng4 15. Rfe1 Qg5 16. Nf1 Qh5 17. Re2 Re6 18. f3 Nxh2 19. Nxh2 Bxg3 20. Nf1 Bd6 21. dxe4 fxe4 22. f4 Rh6 23. Red2 Bg4 24. cxd5 Bb4 25. Rd4 c5 26. R4d2 g5 27. Bxe4 Bxd1 28. Rxd1 Qg4+ 29. Qg2 Qxg2+ 30. Kxg2 gxf4 31. d6 fxe3 32. Bd5+ Rf7 33. d7 Rg6+ 34. Ng3 Ba5 35. Bxf7+ Kxf7 36. d8Q Bxd8 37. Rxd8 e2 38. Bc3 b5 39. Rd7+ Ke6 40. Rxh7 Kd5 41. Rh5+ Kc6 42. Kf2 1-0

[Event "Recklinghausen op 14th"]
[Site "Recklinghausen"]
[Date "2003.08.23"]
[Round "6"]
[White "Kuhn, Manfred"]
[Black "Kartsev, Soel"]
[Result "0-1"]
[WhiteElo "2213"]
[BlackElo "2217"]
[PlyCount "67"]
[EventDate "2003.08.18"]
[EventType "swiss"]
[EventRounds "7"]
[EventCountry "GER"]
[SourceTitle "CBM 095 Extra"]
[Source "ChessBase"]
[SourceDate "2003.09.04"]
[SourceVersion "1"]
[SourceVersionDate "2003.09.04"]
[SourceQuality "1"]

1. c4 e5 2. Nc3 Nf6 3. g3 Bb4 4. Bg2 0-0 5. Nf3 e4 6. Ng5 Bxc3 7. bxc3 Re8 8. f3 e3 9. d3 c6 10. Ne4 d5 11. cxd5 cxd5 12. Nxf6+ Qxf6 13. Qb3 Nc6 14. d4 b6 15. Qxd5 Ba6 16. Qb3 Rac8 17. Bb2 Na5 18. Qa4 h5 19. Bh3 Rcd8 20. Bd7 Re7 21. Bb5 Bb7 22. 0-0-0 Rc7 23. Kb1 a6 24. Bd3 Rdc8 25. Qa3 Bd5 26. Rhe1 Qe6 27. g4 hxg4 28. fxg4 Nc4 29. Bxc4 Rxc4 30. Qxa6 Ra8 31. Qb5 Ra5 32. Qb3 Rca4 33. c4 Rxc4 34. Rd3 0-1

[Event "Ruhrgebiet-ch"]
[Site "Germany"]
[Date "2001.??.??"]
[Round "?"]
[White "Kuhn, Manfred"]
[Black "Schmedders, Hans Gerd"]
[Result "1/2-1/2"]
[WhiteElo "2241"]
[BlackElo "2227"]
[PlyCount "93"]
[EventDate "2001.??.??"]
[EventType "swiss"]
[EventRounds "7"]
[EventCountry "GER"]
[SourceTitle "EXT 2006"]
[Source "ChessBase"]
[SourceDate "2005.11.24"]
[SourceVersion "1"]
[SourceVersionDate "2005.11.24"]
[SourceQuality "1"]

1. d4 d5 2. Bg5 f6 3. Bf4 Nc6 4. e3 e5 5. Bg3 Bd6 6. c3 Nge7 7. Bd3 Be6 8. Nd2 h5 9. f3 Qd7 10. Ne2 h4 11. Bf2 f5 12. Bb5 a6 13. dxe5 Bxe5 14. Qa4 g5 15. Nb3 Kf7 16. Bxc6 Qxc6 17. Qxc6 Nxc6 18. Ned4 Nxd4 19. cxd4 Bd6 20. Nc5 b6 21. Nxe6 Kxe6 22. h3 Rae8 23. Rc1 Kd7 24. Kd1 Re6 25. Re1 Rhe8 26. Rc2 f4 27. exf4 Bxf4 28. Rce2 Rxe2 29. Rxe2 Rxe2 30. Kxe2 Kd6 31. Kd3 c5 32. b3 Bc1 33. a4 Kc6 34. a5 cxd4 35. axb6 Kxb6 36. Bxd4+ Kb5 37. Kc2 Bf4 38. Kc3 Kc6 39. Bf6 Kd6 40. Kd4 Ke6 41. Bd8 Kd6 42. Bf6 Bc1 43. Bd8 Kd7 44. Ba5 Ke6 45. Bc7 Bb2+ 46. Kc5 Be5 47. Bd8 1/2-1/2

[Event "Recklinghausen op"]
[Site "Recklinghausen"]
[Date "1999.??.??"]
[Round "5"]
[White "Sielecki, Christof"]
[Black "Kuhn, Manfred"]
[Result "1/2-1/2"]
[WhiteElo "2410"]
[BlackElo "2240"]
[PlyCount "103"]
[EventDate "1999.??.??"]
[EventType "swiss"]
[EventRounds "9"]
[EventCountry "GER"]
[SourceTitle "EXT 2000"]
[Source "ChessBase"]
[SourceDate "1999.11.16"]
[SourceVersion "1"]
[SourceVersionDate "1999.11.16"]
[SourceQuality "1"]

1. Nf3 d6 2. d4 Bg4 3. c4 Nd7 4. Qb3 Rb8 5. g3 e5 6. dxe5 dxe5 7. Bg2 c6 8. Be3 Bxf3 9. Bxf3 Bc5 10. Bxc5 Nxc5 11. Qa3 Qb6 12. b4 Na6 13. b5 cxb5 14. cxb5 Qxb5 15. Nc3 Qb4 16. Qxb4 Nxb4 17. 0-0 Ne7 18. Nb5 0-0 19. Nxa7 Nc2 20. Rac1 Nd4 21. Rc7 Nef5 22. Rb1 Nd6 23. a4 Nxf3+ 24. exf3 Ra8 25. Nb5 Ne8 26. Rxb7 Rxa4 27. Re7 Ra5 28. Kg2 h6 29. h4 g6 30. h5 gxh5 31. Rxe5 Nd6 32. Rxh5 Nxb5 33. Rhxb5 Rxb5 34. Rxb5 Kg7 35. f4 Ra8 36. g4 Ra3 37. f3 Ra2+ 38. Kg3 Ra1 39. Rb6 Rg1+ 40. Kf2 Ra1 41. g5 hxg5 42. fxg5 Ra5 43. f4 Ra3 44. Rh6 Rc3 45. Kg2 Ra3 46. Rb6 Rc3 47. Rb8 Kg6 48. Rb6+ Kg7 49. Rh6 Ra3 50. Rh3 Ra2+ 51. Kg3 f6 52. gxf6+ 1/2-1/2